{"text_format":"3","workbook":"xlsx","n_sheets":5,"sheets":["Instructions","Satn Run ID Information","Saturation Data","Compet Run ID Information","Compet Data"],"not_rendered":{"defined_names":1},"read":"whole","date_system":"1900"}

{"sheet":"Instructions","index":0,"n_rows":28,"n_cols":1,"rows_kept":28}
["890. 1250 Estrogen Receptor Binding Assay  Data Entry Spread Sheet"]
["Instructions for Data Entry "]
[]
["Data Entry Spreadsheet Templates for EDSP Tier 1 Assays"]
["EPA's Office of Chemical Safety and Pollution Prevention (OCSPP) has developed a set of Data Entry Spreadsheet Templates (DESTs) that Test Order recipients may choose to use as a method for reporting all raw data in electronic format for the 890 Guideline Series for the Endocrine Disruptor Screening Program (EDSP) Tier 1 battery.  There is a DEST for each of the eleven 890 Guideline Series EDSP Tier 1 assays that comprise the battery.  EPA is encouraging Test Order recipients to use the DEST as a voluntary method for standardizing raw data reporting and to assist EPA reviewers in the comprehensive and consistent evaluations of the raw data. The DEST will be open to periodic updating and revision to reflect advances in the science as they come available. The DESTs provided are not binding on either the Agency or any outside parties. The use of any language such as \"will,\" \"is,\" \"may,\" \"can\" or \"should\" in the DESTs does not connote any requirement for either EPA or any outside parties.  As such, EPA may revise these templates when circumstances warrant and without prior notice. "]
[]
[]
["These spreadsheets have been designed specifically for the Estrogen Receptor Binding Assay Using Rat Uterine Cytosol as described in Test Guideline 890.1250, in the U.S. EPA's Endocrine Disruptor Screening Program."]
[]
["General Notes:  Column headings may specify units of measure.   Please report values in the units indicated.  Do not change the column headings or add another column with different units.   When entering data into spreadsheet cells, please do not include units of measure in the same cell with the data values. Please do not merge cells even if the same information applies to adjacent cells.  Instead, copy the contents of one cell to the next. If a field is not applicable, please leave the field blank unless otherwise instructed.\nEnter data in the darker-blue cells.   Lighter-blue areas denote cells with default values that may be changed by the user.  Notes should be added in the lighter-blue cells marked \"If this value should not be used, explanation\" if specific data points that were collected should be ignored due to known errors. "]
[" "]
["Ligand Concentrations and Assay Tube Volumes:   If the Test Guideline is followed as written, the default values in the Assay Tube Layout sections accurately describe the contents of the individual tubes.  If for some reason  adjustments were made by the user (volumes, concentrations, etc.), change the Assay Tube Layout appropriately to record the actual contents.  For example, if the highest concentration of test chemical that could be made up as an intermediate solution was 1.6E-2 M rather than 5.0E-2 M, the user might need to change the \"Competitor Initial Concentration, molar\" values for those replicates.     "]
[]
["NOTE 1:  For both the saturation and competition data spreadsheets, some of the columns contain calculated values that can serve as checks for data entry.  Avoid changing these calculated columns.   "]
[]
["NOTE2:  For the competition spreadsheet, in the  solvent control/total binding * cells, the  Solvent in Buffer Control  Volume column is used instead of the Competitor Volume column.  This control reflects  the highest concentration of solvent (s) found in the  final test chemical  assay tubes.   The recommended maximum % of ethanol in the assay tubes is 3%.  The recommended maximum % of DMSO in the assay tubes is 10%.    "]
[]
["Please enter data in the following spreadsheets:"]
["Satn Run ID Information"]
["Saturation Data"]
["Compet Run ID Information"]
["Compet data"]
[]
[]
["Saturation Data: Aqua blue denotes information to be provided by user. Light blue denotes default values.  May be changed by user. "]
[]
[]
["Compet Data :  The \"Compet data\" sheet can handle as many as three test chemicals plus the standards (non-radiolabeled estradiol, a weak positive, and a negative control) in one run.  Unused blocks of data may be left blank.   If additional chemicals are tested in a single run,  add the appropriate additional rows and data to both the \"Compet data\" sheet and the \"Compet Run ID Information\" sheet. "]

{"sheet":"Satn Run ID Information","index":1,"n_rows":10,"n_cols":4,"rows_kept":10}
["890. 1250 ER Binding Assay"]
["Saturation Binding Experiment: Run IDs"]
[null,"Run 1","Run 2","Run 3"]
["Laboratory name"]
["Run identification"]
["Date of initiation of incubation (MM/DD/YY)"]
["Date of scintillation counting for the run (MM/DD/YY)"]
["Volume of scintillation fluid used per tube (ml)"]
["Cytosol batch identifier"]
["Cytosol protein concentration at production (mg/ml)"]

{"sheet":"Saturation Data","index":2,"n_rows":74,"n_cols":22,"rows_kept":74,"merged":[[0,0,0,21],[19,30,19,32],[30,24,30,25]]}
["890. 1250 ER Binding Assay    Saturation Data"]
["Study ID","Run","Position","Replicate","Tube type","Tube Code","Concentration Code","Radiolabeled E2, initial concentration, nM","Radiolabeled E2, Volume, uL","Radiolabeled E2, final concentration \nin tube, nM","Unlabeled E2, initial concentration, nM","Unlabeled E2, volume , uL","Unlabeled E2, final concentration\n in tube, nM","Buffer volume, uL","Receptor volume, uL","Final incubation volume, uL ","Volume of EtOH added to HAP pellet, mL","Volume of filtrate counted, mL","Raw dpm in the aliquot counted","Should this value be used?","If this value should not be used, explanation","Usable dpm values calculated for entire tube"]
[null,null,1,1,"Total binding","TB",1,0.3,50,{"$f":"H3*I3/P3","v":0.03},"—","—","—",350,100,{"$f":"SUM(I3,L3,N3,O3)","v":500},1.5,{"v":1,"d":"1.0"},null,{"$f":"IF(U3<>\"\",\"NO\",\"yes\")","v":"NO"},{"$f":"IF(AND(ISNUMBER(S3),S3>0),\"\",\"missing value\")","v":"missing value"},{"$f":"IF(T3<>\"NO\",(Q3/R3)*S3,\"\")","v":""}]
[null,null,2,2,"Total binding","TB",1,0.3,50,{"$f":"H4*I4/P4","v":0.03},"—","—","—",350,100,500,1.5,{"v":1,"d":"1.0"},null,{"$f":"IF(U4<>\"\",\"NO\",\"yes\")","v":"NO"},{"$f":"IF(AND(ISNUMBER(S4),S4>0),\"\",\"missing value\")","v":"missing value"},""]
[null,null,3,3,"Total binding","TB",1,0.3,50,0.03,"—","—","—",350,100,500,1.5,{"v":1,"d":"1.0"},null,"NO","missing value",""]
[null,null,4,1,"Total binding","TB",2,0.6,50,0.06,"—","—","—",350,100,500,1.5,{"v":1,"d":"1.0"},null,"NO","missing value",""]
[null,null,5,2,"Total binding","TB",2,0.6,50,0.06,"—","—","—",350,100,500,1.5,{"v":1,"d":"1.0"},null,"NO","missing value",""]
[null,null,6,3,"Total binding","TB",2,0.6,50,0.06,"—","—","—",350,100,500,1.5,{"v":1,"d":"1.0"},null,"NO","missing value",""]
[null,null,7,1,"Total binding","TB",3,0.8,50,0.08,"—","—","—",350,100,500,1.5,{"v":1,"d":"1.0"},null,"NO","missing value",""]
[null,null,8,2,"Total binding","TB",3,0.8,50,0.08,"—","—","—",350,100,500,1.5,{"v":1,"d":"1.0"},null,"NO","missing value",""]
[null,null,9,3,"Total binding","TB",3,0.8,50,0.08,"—","—","—",350,100,500,1.5,{"v":1,"d":"1.0"},null,"NO","missing value",""]
[null,null,10,1,"Total binding","TB",4,{"v":1,"d":"1.0"},50,{"v":0.1,"d":"0.10"},"—","—","—",350,100,500,1.5,{"v":1,"d":"1.0"},null,"NO","missing value",""]
[null,null,11,2,"Total binding","TB",4,{"v":1,"d":"1.0"},50,{"v":0.1,"d":"0.10"},"—","—","—",350,100,500,1.5,{"v":1,"d":"1.0"},null,"NO","missing value",""]
[null,null,12,3,"Total binding","TB",4,{"v":1,"d":"1.0"},50,{"v":0.1,"d":"0.10"},"—","—","—",350,100,500,1.5,{"v":1,"d":"1.0"},null,"NO","missing value",""]
[null,null,13,1,"Total binding","TB",5,{"v":3,"d":"3.0"},50,{"v":0.3,"d":"0.30"},"—","—","—",350,100,500,1.5,{"v":1,"d":"1.0"},null,"NO","missing value",""]
[null,null,14,2,"Total binding","TB",5,{"v":3,"d":"3.0"},50,{"v":0.3,"d":"0.30"},"—","—","—",350,100,500,1.5,{"v":1,"d":"1.0"},null,"NO","missing value",""]
[null,null,15,3,"Total binding","TB",5,{"v":3,"d":"3.0"},50,{"v":0.3,"d":"0.30"},"—","—","—",350,100,500,1.5,{"v":1,"d":"1.0"},null,"NO","missing value",""]
[null,null,16,1,"Total binding","TB",6,{"v":6,"d":"6.0"},50,{"v":0.6,"d":"0.60"},"—","—","—",350,100,500,1.5,{"v":1,"d":"1.0"},null,"NO","missing value",""]
[null,null,17,2,"Total binding","TB",6,{"v":6,"d":"6.0"},50,{"v":0.6,"d":"0.60"},"—","—","—",350,100,500,1.5,{"v":1,"d":"1.0"},null,"NO","missing value",""]
[null,null,18,3,"Total binding","TB",6,{"v":6,"d":"6.0"},50,{"v":0.6,"d":"0.60"},"—","—","—",350,100,500,1.5,{"v":1,"d":"1.0"},null,"NO","missing value",""]
[null,null,19,1,"Total binding","TB",7,{"v":10,"d":"10.0"},50,{"v":1,"d":"1.00"},"—","—","—",350,100,500,1.5,{"v":1,"d":"1.0"},null,"NO","missing value",""]
[null,null,20,2,"Total binding","TB",7,{"v":10,"d":"10.0"},50,{"v":1,"d":"1.00"},"—","—","—",350,100,500,1.5,{"v":1,"d":"1.0"},null,"NO","missing value",""]
[null,null,21,3,"Total binding","TB",7,{"v":10,"d":"10.0"},50,{"v":1,"d":"1.00"},"—","—","—",350,100,500,1.5,{"v":1,"d":"1.0"},null,"NO","missing value",""]
[null,null,22,1,"Total binding","TB",8,{"v":30,"d":"30.0"},50,{"v":3,"d":"3.00"},"—","—","—",350,100,500,1.5,{"v":1,"d":"1.0"},null,"NO","missing value",""]
[null,null,23,2,"Total binding","TB",8,{"v":30,"d":"30.0"},50,{"v":3,"d":"3.00"},"—","—","—",350,100,500,1.5,{"v":1,"d":"1.0"},null,"NO","missing value",""]
[null,null,24,3,"Total binding","TB",8,{"v":30,"d":"30.0"},50,{"v":3,"d":"3.00"},"—","—","—",350,100,500,1.5,{"v":1,"d":"1.0"},null,"NO","missing value",""]
[null,null,25,1,"Non-specific binding","NSB",1,0.3,50,0.03,30,50,{"$f":"K27*L27/P27","v":3},300,100,500,1.5,{"v":1,"d":"1.0"},null,"NO","missing value",""]
[null,null,26,2,"Non-specific binding","NSB",1,0.3,50,0.03,30,50,{"$f":"K28*L28/P28","v":3},300,100,500,1.5,{"v":1,"d":"1.0"},null,"NO","missing value",""]
[null,null,27,3,"Non-specific binding","NSB",1,0.3,50,0.03,30,50,3,300,100,500,1.5,{"v":1,"d":"1.0"},null,"NO","missing value",""]
[null,null,28,1,"Non-specific binding","NSB",2,0.6,50,0.06,60,50,6,300,100,500,1.5,{"v":1,"d":"1.0"},null,"NO","missing value",""]
[null,null,29,2,"Non-specific binding","NSB",2,0.6,50,0.06,60,50,6,300,100,500,1.5,{"v":1,"d":"1.0"},null,"NO","missing value",""]
[null,null,30,3,"Non-specific binding","NSB",2,0.6,50,0.06,60,50,6,300,100,500,1.5,{"v":1,"d":"1.0"},null,"NO","missing value",""]
[null,null,31,1,"Non-specific binding","NSB",3,0.8,50,0.08,80,50,8,300,100,500,1.5,{"v":1,"d":"1.0"},null,"NO","missing value",""]
[null,null,32,2,"Non-specific binding","NSB",3,0.8,50,0.08,80,50,8,300,100,500,1.5,{"v":1,"d":"1.0"},null,"NO","missing value",""]
[null,null,33,3,"Non-specific binding","NSB",3,0.8,50,0.08,80,50,8,300,100,500,1.5,{"v":1,"d":"1.0"},null,"NO","missing value",""]
[null,null,34,1,"Non-specific binding","NSB",4,{"v":1,"d":"1.0"},50,{"v":0.1,"d":"0.10"},100,50,10,300,100,500,1.5,{"v":1,"d":"1.0"},null,"NO","missing value",""]
[null,null,35,2,"Non-specific binding","NSB",4,{"v":1,"d":"1.0"},50,{"v":0.1,"d":"0.10"},100,50,10,300,100,500,1.5,{"v":1,"d":"1.0"},null,"NO","missing value",""]
[null,null,36,3,"Non-specific binding","NSB",4,{"v":1,"d":"1.0"},50,{"v":0.1,"d":"0.10"},100,50,10,300,100,500,1.5,{"v":1,"d":"1.0"},null,"NO","missing value",""]
[null,null,37,1,"Non-specific binding","NSB",5,{"v":3,"d":"3.0"},50,{"v":0.3,"d":"0.30"},300,50,30,300,100,500,1.5,{"v":1,"d":"1.0"},null,"NO","missing value",""]
[null,null,38,2,"Non-specific binding","NSB",5,{"v":3,"d":"3.0"},50,{"v":0.3,"d":"0.30"},300,50,30,300,100,500,1.5,{"v":1,"d":"1.0"},null,"NO","missing value",""]
[null,null,39,3,"Non-specific binding","NSB",5,{"v":3,"d":"3.0"},50,{"v":0.3,"d":"0.30"},300,50,30,300,100,500,1.5,{"v":1,"d":"1.0"},null,"NO","missing value",""]
[null,null,40,1,"Non-specific binding","NSB",6,{"v":6,"d":"6.0"},50,{"v":0.6,"d":"0.60"},600,50,60,300,100,500,1.5,{"v":1,"d":"1.0"},null,"NO","missing value",""]
[null,null,41,2,"Non-specific binding","NSB",6,{"v":6,"d":"6.0"},50,{"v":0.6,"d":"0.60"},600,50,60,300,100,500,1.5,{"v":1,"d":"1.0"},null,"NO","missing value",""]
[null,null,42,3,"Non-specific binding","NSB",6,{"v":6,"d":"6.0"},50,{"v":0.6,"d":"0.60"},600,50,60,300,100,500,1.5,{"v":1,"d":"1.0"},null,"NO","missing value",""]
[null,null,43,1,"Non-specific binding","NSB",7,{"v":10,"d":"10.0"},50,{"v":1,"d":"1.00"},1000,50,100,300,100,500,1.5,{"v":1,"d":"1.0"},null,"NO","missing value",""]
[null,null,44,2,"Non-specific binding","NSB",7,{"v":10,"d":"10.0"},50,{"v":1,"d":"1.00"},1000,50,100,300,100,500,1.5,{"v":1,"d":"1.0"},null,"NO","missing value",""]
[null,null,45,3,"Non-specific binding","NSB",7,{"v":10,"d":"10.0"},50,{"v":1,"d":"1.00"},1000,50,100,300,100,500,1.5,{"v":1,"d":"1.0"},null,"NO","missing value",""]
[null,null,46,1,"Non-specific binding","NSB",8,{"v":30,"d":"30.0"},50,{"v":3,"d":"3.00"},3000,50,300,300,100,500,1.5,{"v":1,"d":"1.0"},null,"NO","missing value",""]
[null,null,47,2,"Non-specific binding","NSB",8,{"v":30,"d":"30.0"},50,{"v":3,"d":"3.00"},3000,50,300,300,100,500,1.5,{"v":1,"d":"1.0"},null,"NO","missing value",""]
[null,null,48,3,"Non-specific binding","NSB",8,{"v":30,"d":"30.0"},50,{"v":3,"d":"3.00"},3000,50,300,300,100,500,1.5,{"v":1,"d":"1.0"},null,"NO","missing value",""]
[null,null,49,1,"Total radioligand added","Hot",1,0.3,50,0.3,"—","—","—","—","—",50,"—",{"v":0.05,"d":"0.050"},null,"NO","missing value",{"$f":"IF(T51<>\"NO\",S51,\"\")","v":""}]
[null,null,50,2,"Total radioligand added","Hot",1,0.3,50,0.3,"—","—","—","—","—",50,"—",{"v":0.05,"d":"0.050"},null,"NO","missing value",{"$f":"IF(T52<>\"NO\",S52,\"\")","v":""}]
[null,null,51,3,"Total radioligand added","Hot",1,0.3,50,0.3,"—","—","—","—","—",50,"—",{"v":0.05,"d":"0.050"},null,"NO","missing value",""]
[null,null,52,1,"Total radioligand added","Hot",2,0.6,50,0.6,"—","—","—","—","—",50,"—",{"v":0.05,"d":"0.050"},null,"NO","missing value",""]
[null,null,53,2,"Total radioligand added","Hot",2,0.6,50,0.6,"—","—","—","—","—",50,"—",{"v":0.05,"d":"0.050"},null,"NO","missing value",""]
[null,null,54,3,"Total radioligand added","Hot",2,0.6,50,0.6,"—","—","—","—","—",50,"—",{"v":0.05,"d":"0.050"},null,"NO","missing value",""]
[null,null,55,1,"Total radioligand added","Hot",3,0.8,50,0.8,"—","—","—","—","—",50,"—",{"v":0.05,"d":"0.050"},null,"NO","missing value",""]
[null,null,56,2,"Total radioligand added","Hot",3,0.8,50,0.8,"—","—","—","—","—",50,"—",{"v":0.05,"d":"0.050"},null,"NO","missing value",""]
[null,null,57,3,"Total radioligand added","Hot",3,0.8,50,0.8,"—","—","—","—","—",50,"—",{"v":0.05,"d":"0.050"},null,"NO","missing value",""]
[null,null,58,1,"Total radioligand added","Hot",4,{"v":1,"d":"1.0"},50,{"v":1,"d":"1.0"},"—","—","—","—","—",50,"—",{"v":0.05,"d":"0.050"},null,"NO","missing value",""]
[null,null,59,2,"Total radioligand added","Hot",4,{"v":1,"d":"1.0"},50,{"v":1,"d":"1.0"},"—","—","—","—","—",50,"—",{"v":0.05,"d":"0.050"},null,"NO","missing value",""]
[null,null,60,3,"Total radioligand added","Hot",4,{"v":1,"d":"1.0"},50,{"v":1,"d":"1.0"},"—","—","—","—","—",50,"—",{"v":0.05,"d":"0.050"},null,"NO","missing value",""]
[null,null,61,1,"Total radioligand added","Hot",5,{"v":3,"d":"3.0"},50,{"v":3,"d":"3.0"},"—","—","—","—","—",50,"—",{"v":0.05,"d":"0.050"},null,"NO","missing value",""]
[null,null,62,2,"Total radioligand added","Hot",5,{"v":3,"d":"3.0"},50,{"v":3,"d":"3.0"},"—","—","—","—","—",50,"—",{"v":0.05,"d":"0.050"},null,"NO","missing value",""]
[null,null,63,3,"Total radioligand added","Hot",5,{"v":3,"d":"3.0"},50,{"v":3,"d":"3.0"},"—","—","—","—","—",50,"—",{"v":0.05,"d":"0.050"},null,"NO","missing value",""]
[null,null,64,1,"Total radioligand added","Hot",6,{"v":6,"d":"6.0"},50,{"v":6,"d":"6.0"},"—","—","—","—","—",50,"—",{"v":0.05,"d":"0.050"},null,"NO","missing value",""]
[null,null,65,2,"Total radioligand added","Hot",6,{"v":6,"d":"6.0"},50,{"v":6,"d":"6.0"},"—","—","—","—","—",50,"—",{"v":0.05,"d":"0.050"},null,"NO","missing value",""]
[null,null,66,3,"Total radioligand added","Hot",6,{"v":6,"d":"6.0"},50,{"$f":"H68*I68/P68","v":{"v":6,"d":"6.0"}},"—","—","—","—","—",{"$f":"SUM(I68,L68,N68,O68)","v":50},"—",{"v":0.05,"d":"0.050"},null,{"$f":"IF(U68<>\"\",\"NO\",\"yes\")","v":"NO"},{"$f":"IF(AND(ISNUMBER(S68),S68>0),\"\",\"missing value\")","v":"missing value"},""]
[null,null,67,1,"Total radioligand added","Hot",7,{"v":10,"d":"10.0"},50,{"v":10,"d":"10.0"},"—","—","—","—","—",50,"—",{"v":0.05,"d":"0.050"},null,"NO","missing value",""]
[null,null,68,2,"Total radioligand added","Hot",7,{"v":10,"d":"10.0"},50,{"v":10,"d":"10.0"},"—","—","—","—","—",50,"—",{"v":0.05,"d":"0.050"},null,"NO","missing value",""]
[null,null,69,3,"Total radioligand added","Hot",7,{"v":10,"d":"10.0"},50,{"v":10,"d":"10.0"},"—","—","—","—","—",50,"—",{"v":0.05,"d":"0.050"},null,"NO","missing value",""]
[null,null,70,1,"Total radioligand added","Hot",8,{"v":30,"d":"30.0"},50,{"v":30,"d":"30.0"},"—","—","—","—","—",50,"—",{"v":0.05,"d":"0.050"},null,"NO","missing value",""]
[null,null,71,2,"Total radioligand added","Hot",8,{"v":30,"d":"30.0"},50,{"v":30,"d":"30.0"},"—","—","—","—","—",50,"—",{"v":0.05,"d":"0.050"},null,"NO","missing value",""]
[null,null,72,3,"Total radioligand added","Hot",8,{"v":30,"d":"30.0"},50,{"v":30,"d":"30.0"},"—","—","—","—","—",50,"—",{"v":0.05,"d":"0.050"},null,"NO","missing value",""]

{"sheet":"Compet Run ID Information","index":3,"n_rows":11,"n_cols":4,"rows_kept":11}
["890. 1250 ER Binding Assay"]
["Competitive Binding Experiment: Run IDs"]
[null,"Run 1","Run 2","Run 3"]
["Laboratory name"]
["Run identification"]
["Date of initiation of incubation (MM/DD/YY)"]
["Date of scintillation counting for the run (MM/DD/YY)"]
["Volume of scintillation fluid used per tube (ml)"]
["Cytosol batch identifier"]
["Cytosol protein concentration at production (mg/ml)"]
["Concentration of protein mixture added to assay tube (ug/100 ul)"]

{"sheet":"Compet Data","index":4,"n_rows":162,"n_cols":21,"rows_kept":162,"merged":[[163,4,164,15]]}
[]
[]
["Study ID","Run","Position","Replicate","Tube type","Tube Code","Concentration Code","Competitor Initial Concentration, molar","Volume of uterine Cytosol prep, uL","Buffer Volume, uL ","Radiolabled E2, Volume, uL","Competitor Volume, uL ","Solvent in Buffer Control Volume, uL ","Final Incubation Volume, uL ","Volume of EtOH added to HAP pellet, mL","Volume of filtrate counted, mL","Raw dpm in the aliquot counted","Should this value be used?","If this value should not be used, explanation","Competitor final concentration, logM","Usable dpm values calculated for entire tube "]
[null,null,1,1,"solvent control/total binding*","TB",0,"—",100,380,10,"—",10,{"$f":"SUM(I4:M4)","v":500},1.5,{"v":1,"d":"1.0"},null,{"$f":"IF(S4<>\"\",\"NO\",\"yes\")","v":"NO"},{"$f":"IF(ISNUMBER(Q4)=FALSE,\"missing value\",\"\")","v":"missing value"},"—",{"$f":"IF(R4<>\"NO\",(O4/P4)*Q4,\"\")","v":""}]
[null,null,2,2,"solvent control/total binding*","TB",0,"—",100,380,10,"—",10,500,1.5,{"v":1,"d":"1.0"},null,{"$f":"IF(S5<>\"\",\"NO\",\"yes\")","v":"NO"},{"$f":"IF(ISNUMBER(Q5)=FALSE,\"missing value\",\"\")","v":"missing value"},"—",""]
[null,null,3,3,"solvent control/total binding*","TB",0,"—",100,380,10,"—",10,500,1.5,{"v":1,"d":"1.0"},null,"NO","missing value","—",""]
[null,null,4,1,"cold E2 (high)","NSB",1,{"v":5e-06,"d":"5.00E-06"},100,380,10,10,"—",500,1.5,{"v":1,"d":"1.0"},null,"NO","missing value",{"$f":"LOG(L7*H7/N7)","v":{"v":-7,"d":"-7.0"}},""]
[null,null,5,2,"cold E2 (high)","NSB",1,{"v":5e-06,"d":"5.00E-06"},100,380,10,10,"—",500,1.5,{"v":1,"d":"1.0"},null,"NO","missing value",{"$f":"LOG(L8*H8/N8)","v":{"v":-7,"d":"-7.0"}},""]
[null,null,6,3,"cold E2 (high)","NSB",1,{"v":5e-06,"d":"5.00E-06"},100,380,10,10,"—",500,1.5,{"v":1,"d":"1.0"},null,"NO","missing value",{"v":-7,"d":"-7.0"},""]
[null,null,7,1,"cold E2","S",2,{"v":5e-07,"d":"5.00E-07"},100,380,10,10,"—",500,1.5,{"v":1,"d":"1.0"},null,"NO","missing value",{"v":-8,"d":"-8.0"},""]
[null,null,8,2,"cold E2","S",2,{"v":5e-07,"d":"5.00E-07"},100,380,10,10,"—",500,1.5,{"v":1,"d":"1.0"},null,"NO","missing value",{"v":-8,"d":"-8.0"},""]
[null,null,9,3,"cold E2","S",2,{"v":5e-07,"d":"5.00E-07"},100,380,10,10,"—",{"$f":"SUM(I12:M12)","v":500},1.5,{"v":1,"d":"1.0"},null,"NO","missing value",{"v":-8,"d":"-8.0"},""]
[null,null,10,1,"cold E2","S",3,{"v":1.58e-07,"d":"1.58E-07"},100,380,10,10,"—",500,1.5,{"v":1,"d":"1.0"},null,"NO","missing value",{"v":-8.500312917381596,"d":"-8.5"},""]
[null,null,11,2,"cold E2","S",3,{"v":1.58e-07,"d":"1.58E-07"},100,380,10,10,"—",500,1.5,{"v":1,"d":"1.0"},null,"NO","missing value",{"v":-8.500312917381596,"d":"-8.5"},""]
[null,null,12,3,"cold E2","S",3,{"v":1.58e-07,"d":"1.58E-07"},100,380,10,10,"—",500,1.5,{"v":1,"d":"1.0"},null,"NO","missing value",{"v":-8.500312917381596,"d":"-8.5"},""]
[null,null,13,1,"cold E2","S",4,{"v":5e-08,"d":"5.00E-08"},100,380,10,10,"—",500,1.5,{"v":1,"d":"1.0"},null,"NO","missing value",{"v":-9,"d":"-9.0"},""]
[null,null,14,2,"cold E2","S",4,{"v":5e-08,"d":"5.00E-08"},100,380,10,10,"—",500,1.5,{"v":1,"d":"1.0"},null,"NO","missing value",{"v":-9,"d":"-9.0"},""]
[null,null,15,3,"cold E2","S",4,{"v":5e-08,"d":"5.00E-08"},100,380,10,10,"—",500,1.5,{"v":1,"d":"1.0"},null,"NO","missing value",{"v":-9,"d":"-9.0"},""]
[null,null,16,1,"cold E2","S",5,{"v":1.58e-08,"d":"1.58E-08"},100,380,10,10,"—",500,1.5,{"v":1,"d":"1.0"},null,"NO","missing value",{"v":-9.500312917381596,"d":"-9.5"},""]
[null,null,17,2,"cold E2","S",5,{"v":1.58e-08,"d":"1.58E-08"},100,380,10,10,"—",500,1.5,{"v":1,"d":"1.0"},null,"NO","missing value",{"v":-9.500312917381596,"d":"-9.5"},""]
[null,null,18,3,"cold E2","S",5,{"v":1.58e-08,"d":"1.58E-08"},100,380,10,10,"—",500,1.5,{"v":1,"d":"1.0"},null,"NO","missing value",{"v":-9.500312917381596,"d":"-9.5"},""]
[null,null,19,1,"cold E2","S",6,{"v":5e-09,"d":"5.00E-09"},100,380,10,10,"—",500,1.5,{"v":1,"d":"1.0"},null,"NO","missing value",{"v":-10,"d":"-10.0"},""]
[null,null,20,2,"cold E2","S",6,{"v":5e-09,"d":"5.00E-09"},100,380,10,10,"—",500,1.5,{"v":1,"d":"1.0"},null,"NO","missing value",{"v":-10,"d":"-10.0"},""]
[null,null,21,3,"cold E2","S",6,{"v":5e-09,"d":"5.00E-09"},100,380,10,10,"—",500,1.5,{"v":1,"d":"1.0"},null,"NO","missing value",{"v":-10,"d":"-10.0"},""]
[null,null,22,1,"cold E2","S",7,{"v":5e-10,"d":"5.00E-10"},100,380,10,10,"—",500,1.5,{"v":1,"d":"1.0"},null,"NO","missing value",{"v":-11,"d":"-11.0"},""]
[null,null,23,2,"cold E2","S",7,{"v":5e-10,"d":"5.00E-10"},100,380,10,10,"—",500,1.5,{"v":1,"d":"1.0"},null,"NO","missing value",{"v":-11,"d":"-11.0"},""]
[null,null,24,3,"cold E2","S",7,{"v":5e-10,"d":"5.00E-10"},100,380,10,10,"—",{"$f":"SUM(I27:M27)","v":500},1.5,{"v":1,"d":"1.0"},null,"NO","missing value",{"v":-11,"d":"-11.0"},""]
[null,null,25,1,"Octyltriethoxysilane","N",1,{"v":0.05,"d":"5.00E-02"},100,380,10,10,"—",{"$f":"SUM(I28:M28)","v":500},1.5,{"v":1,"d":"1.0"},null,"NO","missing value",{"v":-3,"d":"-3.0"},""]
[null,null,26,2,"Octyltriethoxysilane","N",1,{"v":0.05,"d":"5.00E-02"},100,380,10,10,"—",{"$f":"SUM(I29:M29)","v":500},1.5,{"v":1,"d":"1.0"},null,"NO","missing value",{"v":-3,"d":"-3.0"},""]
[null,null,27,3,"Octyltriethoxysilane","N",1,{"v":0.05,"d":"5.00E-02"},100,380,10,10,"—",{"$f":"SUM(I30:M30)","v":500},1.5,{"v":1,"d":"1.0"},null,"NO","missing value",{"v":-3,"d":"-3.0"},""]
[null,null,28,1,"Octyltriethoxysilane","N",2,{"v":0.005,"d":"5.00E-03"},100,380,10,10,"—",500,1.5,{"v":1,"d":"1.0"},null,"NO","missing value",{"v":-4,"d":"-4.0"},""]
[null,null,29,2,"Octyltriethoxysilane","N",2,{"v":0.005,"d":"5.00E-03"},100,380,10,10,"—",500,1.5,{"v":1,"d":"1.0"},null,"NO","missing value",{"v":-4,"d":"-4.0"},""]
[null,null,30,3,"Octyltriethoxysilane","N",2,{"v":0.005,"d":"5.00E-03"},100,380,10,10,"—",500,1.5,{"v":1,"d":"1.0"},null,"NO","missing value",{"v":-4,"d":"-4.0"},""]
[null,null,31,1,"Octyltriethoxysilane","N",3,{"v":0.0005,"d":"5.00E-04"},100,380,10,10,"—",500,1.5,{"v":1,"d":"1.0"},null,"NO","missing value",{"v":-5,"d":"-5.0"},""]
[null,null,32,2,"Octyltriethoxysilane","N",3,{"v":0.0005,"d":"5.00E-04"},100,380,10,10,"—",500,1.5,{"v":1,"d":"1.0"},null,"NO","missing value",{"v":-5,"d":"-5.0"},""]
[null,null,33,3,"Octyltriethoxysilane","N",3,{"v":0.0005,"d":"5.00E-04"},100,380,10,10,"—",500,1.5,{"v":1,"d":"1.0"},null,"NO","missing value",{"v":-5,"d":"-5.0"},{"$f":"IF(R36<>\"NO\",(O36/P36)*Q36,\"\")","v":""}]
[null,null,34,1,"Octyltriethoxysilane","N",4,{"v":5e-05,"d":"5.00E-05"},100,380,10,10,"—",500,1.5,{"v":1,"d":"1.0"},null,"NO","missing value",{"v":-6,"d":"-6.0"},""]
[null,null,35,2,"Octyltriethoxysilane","N",4,{"v":5e-05,"d":"5.00E-05"},100,380,10,10,"—",500,1.5,{"v":1,"d":"1.0"},null,"NO","missing value",{"v":-6,"d":"-6.0"},""]
[null,null,36,3,"Octyltriethoxysilane","N",4,{"v":5e-05,"d":"5.00E-05"},100,380,10,10,"—",500,1.5,{"v":1,"d":"1.0"},null,"NO","missing value",{"v":-6,"d":"-6.0"},""]
[null,null,37,1,"Octyltriethoxysilane","N",5,{"v":5e-06,"d":"5.00E-06"},100,380,10,10,"—",500,1.5,{"v":1,"d":"1.0"},null,"NO","missing value",{"v":-7,"d":"-7.0"},""]
[null,null,38,2,"Octyltriethoxysilane","N",5,{"v":5e-06,"d":"5.00E-06"},100,380,10,10,"—",500,1.5,{"v":1,"d":"1.0"},null,"NO","missing value",{"v":-7,"d":"-7.0"},""]
[null,null,39,3,"Octyltriethoxysilane","N",5,{"v":5e-06,"d":"5.00E-06"},100,380,10,10,"—",500,1.5,{"v":1,"d":"1.0"},null,"NO","missing value",{"v":-7,"d":"-7.0"},""]
[null,null,40,1,"Octyltriethoxysilane","N",6,{"v":5e-07,"d":"5.00E-07"},100,380,10,10,"—",500,1.5,{"v":1,"d":"1.0"},null,"NO","missing value",{"v":-8,"d":"-8.0"},""]
[null,null,41,2,"Octyltriethoxysilane","N",6,{"v":5e-07,"d":"5.00E-07"},100,380,10,10,"—",500,1.5,{"v":1,"d":"1.0"},null,"NO","missing value",{"v":-8,"d":"-8.0"},""]
[null,null,42,3,"Octyltriethoxysilane","N",6,{"v":5e-07,"d":"5.00E-07"},100,380,10,10,"—",500,1.5,{"v":1,"d":"1.0"},null,"NO","missing value",{"v":-8,"d":"-8.0"},""]
[null,null,43,1,"Octyltriethoxysilane","N",7,{"v":5e-08,"d":"5.00E-08"},100,380,10,10,"—",500,1.5,{"v":1,"d":"1.0"},null,"NO","missing value",{"v":-9,"d":"-9.0"},""]
[null,null,44,2,"Octyltriethoxysilane","N",7,{"v":5e-08,"d":"5.00E-08"},100,380,10,10,"—",500,1.5,{"v":1,"d":"1.0"},null,"NO","missing value",{"v":-9,"d":"-9.0"},""]
[null,null,45,3,"Octyltriethoxysilane","N",7,{"v":5e-08,"d":"5.00E-08"},100,380,10,10,"—",500,1.5,{"v":1,"d":"1.0"},null,"NO","missing value",{"v":-9,"d":"-9.0"},""]
[null,null,46,1,"Octyltriethoxysilane","N",8,{"v":5e-09,"d":"5.00E-09"},100,380,10,10,"—",500,1.5,{"v":1,"d":"1.0"},null,"NO","missing value",{"v":-10,"d":"-10.0"},""]
[null,null,47,2,"Octyltriethoxysilane","N",8,{"v":5e-09,"d":"5.00E-09"},100,380,10,10,"—",500,1.5,{"v":1,"d":"1.0"},null,"NO","missing value",{"v":-10,"d":"-10.0"},""]
[null,null,48,3,"Octyltriethoxysilane","N",8,{"v":5e-09,"d":"5.00E-09"},100,380,10,10,"—",{"$f":"SUM(I51:M51)","v":500},1.5,{"v":1,"d":"1.0"},null,"NO","missing value",{"v":-10,"d":"-10.0"},""]
[null,null,49,1,"norethynodrel","WP",1,{"v":0.005,"d":"5.00E-03"},100,380,10,10,"—",{"$f":"SUM(I52:M52)","v":500},1.5,{"v":1,"d":"1.0"},null,"NO","missing value",{"v":-4,"d":"-4.0"},""]
[null,null,50,2,"norethynodrel","WP",1,{"v":0.005,"d":"5.00E-03"},100,380,10,10,"—",{"$f":"SUM(I53:M53)","v":500},1.5,{"v":1,"d":"1.0"},null,"NO","missing value",{"v":-4,"d":"-4.0"},""]
[null,null,51,3,"norethynodrel","WP",1,{"v":0.005,"d":"5.00E-03"},100,380,10,10,"—",{"$f":"SUM(I54:M54)","v":500},1.5,{"v":1,"d":"1.0"},null,"NO","missing value",{"v":-4,"d":"-4.0"},""]
[null,null,52,1,"norethynodrel","WP",2,{"v":1.58E-3,"d":"1.58E-03"},100,380,10,10,"—",500,1.5,{"v":1,"d":"1.0"},null,"NO","missing value",{"v":-4.5003129173815966,"d":"-4.5"},""]
[null,null,53,2,"norethynodrel","WP",2,{"v":1.58E-3,"d":"1.58E-03"},100,380,10,10,"—",500,1.5,{"v":1,"d":"1.0"},null,"NO","missing value",{"v":-4.5003129173815966,"d":"-4.5"},""]
[null,null,54,3,"norethynodrel","WP",2,{"v":1.58E-3,"d":"1.58E-03"},100,380,10,10,"—",500,1.5,{"v":1,"d":"1.0"},null,"NO","missing value",{"v":-4.5003129173815966,"d":"-4.5"},""]
[null,null,55,1,"norethynodrel","WP",3,{"v":0.000158,"d":"1.58E-04"},100,380,10,10,"—",500,1.5,{"v":1,"d":"1.0"},null,"NO","missing value",{"v":-5.5003129173815966,"d":"-5.5"},""]
[null,null,56,2,"norethynodrel","WP",3,{"v":0.000158,"d":"1.58E-04"},100,380,10,10,"—",500,1.5,{"v":1,"d":"1.0"},null,"NO","missing value",{"v":-5.5003129173815966,"d":"-5.5"},""]
[null,null,57,3,"norethynodrel","WP",3,{"v":0.000158,"d":"1.58E-04"},100,380,10,10,"—",500,1.5,{"v":1,"d":"1.0"},null,"NO","missing value",{"v":-5.5003129173815966,"d":"-5.5"},""]
[null,null,58,1,"norethynodrel","WP",4,{"v":5e-05,"d":"5.00E-05"},100,380,10,10,"—",500,1.5,{"v":1,"d":"1.0"},null,"NO","missing value",{"v":-6,"d":"-6.0"},""]
[null,null,59,2,"norethynodrel","WP",4,{"v":5e-05,"d":"5.00E-05"},100,380,10,10,"—",500,1.5,{"v":1,"d":"1.0"},null,"NO","missing value",{"v":-6,"d":"-6.0"},""]
[null,null,60,3,"norethynodrel","WP",4,{"v":5e-05,"d":"5.00E-05"},100,380,10,10,"—",500,1.5,{"v":1,"d":"1.0"},null,"NO","missing value",{"v":-6,"d":"-6.0"},""]
[null,null,61,1,"norethynodrel","WP",5,{"v":1.58e-05,"d":"1.58E-05"},100,380,10,10,"—",500,1.5,{"v":1,"d":"1.0"},null,"NO","missing value",{"v":-6.5003129173815966,"d":"-6.5"},""]
[null,null,62,2,"norethynodrel","WP",5,{"v":1.58e-05,"d":"1.58E-05"},100,380,10,10,"—",500,1.5,{"v":1,"d":"1.0"},null,"NO","missing value",{"v":-6.5003129173815966,"d":"-6.5"},""]
[null,null,63,3,"norethynodrel","WP",5,{"v":1.58e-05,"d":"1.58E-05"},100,380,10,10,"—",500,1.5,{"v":1,"d":"1.0"},null,"NO","missing value",{"v":-6.5003129173815966,"d":"-6.5"},""]
[null,null,64,1,"norethynodrel","WP",6,{"v":5e-06,"d":"5.00E-06"},100,380,10,10,"—",500,1.5,{"v":1,"d":"1.0"},null,"NO","missing value",{"v":-7,"d":"-7.0"},""]
[null,null,65,2,"norethynodrel","WP",6,{"v":5e-06,"d":"5.00E-06"},100,380,10,10,"—",500,1.5,{"v":1,"d":"1.0"},null,"NO","missing value",{"v":-7,"d":"-7.0"},{"$f":"IF(R68<>\"NO\",(O68/P68)*Q68,\"\")","v":""}]
[null,null,66,3,"norethynodrel","WP",6,{"v":5e-06,"d":"5.00E-06"},100,380,10,10,"—",500,1.5,{"v":1,"d":"1.0"},null,{"$f":"IF(S69<>\"\",\"NO\",\"yes\")","v":"NO"},{"$f":"IF(ISNUMBER(Q69)=FALSE,\"missing value\",\"\")","v":"missing value"},{"v":-7,"d":"-7.0"},""]
[null,null,67,1,"norethynodrel","WP",7,{"v":1.58e-06,"d":"1.58E-06"},100,380,10,10,"—",500,1.5,{"v":1,"d":"1.0"},null,"NO","missing value",{"v":-7.5003129173815966,"d":"-7.5"},""]
[null,null,68,2,"norethynodrel","WP",7,{"v":1.58e-06,"d":"1.58E-06"},100,380,10,10,"—",500,1.5,{"v":1,"d":"1.0"},null,"NO","missing value",{"v":-7.5003129173815966,"d":"-7.5"},""]
[null,null,69,3,"norethynodrel","WP",7,{"v":1.58e-06,"d":"1.58E-06"},100,380,10,10,"—",500,1.5,{"v":1,"d":"1.0"},null,"NO","missing value",{"$f":"LOG(L72*H72/N72)","v":{"v":-7.5003129173815966,"d":"-7.5"}},""]
[null,null,70,1,"norethynodrel","WP",8,{"v":1.58e-07,"d":"1.58E-07"},100,380,10,10,"—",500,1.5,{"v":1,"d":"1.0"},null,"NO","missing value",{"v":-8.500312917381596,"d":"-8.5"},""]
[null,null,71,2,"norethynodrel","WP",8,{"v":1.58e-07,"d":"1.58E-07"},100,380,10,10,"—",500,1.5,{"v":1,"d":"1.0"},null,"NO","missing value",{"v":-8.500312917381596,"d":"-8.5"},""]
[null,null,72,3,"norethynodrel","WP",8,{"v":1.58e-07,"d":"1.58E-07"},100,380,10,10,"—",{"$f":"SUM(I75:M75)","v":500},1.5,{"v":1,"d":"1.0"},null,"NO","missing value",{"v":-8.500312917381596,"d":"-8.5"},""]
[null,null,73,1,"Test chem 1","T1",1,{"v":0.05,"d":"5.00E-02"},100,380,10,10,"—",{"$f":"SUM(I76:M76)","v":500},1.5,{"v":1,"d":"1.0"},null,"NO","missing value",{"v":-3,"d":"-3.0"},""]
[null,null,74,2,"Test chem 1","T1",1,{"v":0.05,"d":"5.00E-02"},100,380,10,10,"—",{"$f":"SUM(I77:M77)","v":500},1.5,{"v":1,"d":"1.0"},null,"NO","missing value",{"v":-3,"d":"-3.0"},""]
[null,null,75,3,"Test chem 1","T1",1,{"v":0.05,"d":"5.00E-02"},100,380,10,10,"—",{"$f":"SUM(I78:M78)","v":500},1.5,{"v":1,"d":"1.0"},null,"NO","missing value",{"v":-3,"d":"-3.0"},""]
[null,null,76,1,"Test chem 1","T1",2,{"v":0.005,"d":"5.00E-03"},100,380,10,10,"—",500,1.5,{"v":1,"d":"1.0"},null,"NO","missing value",{"v":-4,"d":"-4.0"},""]
[null,null,77,2,"Test chem 1","T1",2,{"v":0.005,"d":"5.00E-03"},100,380,10,10,"—",500,1.5,{"v":1,"d":"1.0"},null,"NO","missing value",{"v":-4,"d":"-4.0"},""]
[null,null,78,3,"Test chem 1","T1",2,{"v":0.005,"d":"5.00E-03"},100,380,10,10,"—",500,1.5,{"v":1,"d":"1.0"},null,"NO","missing value",{"v":-4,"d":"-4.0"},""]
[null,null,79,1,"Test chem 1","T1",3,{"v":0.0005,"d":"5.00E-04"},100,380,10,10,"—",500,1.5,{"v":1,"d":"1.0"},null,"NO","missing value",{"v":-5,"d":"-5.0"},""]
[null,null,80,2,"Test chem 1","T1",3,{"v":0.0005,"d":"5.00E-04"},100,380,10,10,"—",500,1.5,{"v":1,"d":"1.0"},null,"NO","missing value",{"v":-5,"d":"-5.0"},""]
[null,null,81,3,"Test chem 1","T1",3,{"v":0.0005,"d":"5.00E-04"},100,380,10,10,"—",500,1.5,{"v":1,"d":"1.0"},null,"NO","missing value",{"v":-5,"d":"-5.0"},""]
[null,null,82,1,"Test chem 1","T1",4,{"v":5e-05,"d":"5.00E-05"},100,380,10,10,"—",500,1.5,{"v":1,"d":"1.0"},null,"NO","missing value",{"v":-6,"d":"-6.0"},""]
[null,null,83,2,"Test chem 1","T1",4,{"v":5e-05,"d":"5.00E-05"},100,380,10,10,"—",500,1.5,{"v":1,"d":"1.0"},null,"NO","missing value",{"v":-6,"d":"-6.0"},""]
[null,null,84,3,"Test chem 1","T1",4,{"v":5e-05,"d":"5.00E-05"},100,380,10,10,"—",500,1.5,{"v":1,"d":"1.0"},null,"NO","missing value",{"v":-6,"d":"-6.0"},""]
[null,null,85,1,"Test chem 1","T1",5,{"v":5e-06,"d":"5.00E-06"},100,380,10,10,"—",500,1.5,{"v":1,"d":"1.0"},null,"NO","missing value",{"v":-7,"d":"-7.0"},""]
[null,null,86,2,"Test chem 1","T1",5,{"v":5e-06,"d":"5.00E-06"},100,380,10,10,"—",500,1.5,{"v":1,"d":"1.0"},null,"NO","missing value",{"v":-7,"d":"-7.0"},""]
[null,null,87,3,"Test chem 1","T1",5,{"v":5e-06,"d":"5.00E-06"},100,380,10,10,"—",500,1.5,{"v":1,"d":"1.0"},null,"NO","missing value",{"v":-7,"d":"-7.0"},""]
[null,null,88,1,"Test chem 1","T1",6,{"v":5e-07,"d":"5.00E-07"},100,380,10,10,"—",500,1.5,{"v":1,"d":"1.0"},null,"NO","missing value",{"v":-8,"d":"-8.0"},""]
[null,null,89,2,"Test chem 1","T1",6,{"v":5e-07,"d":"5.00E-07"},100,380,10,10,"—",500,1.5,{"v":1,"d":"1.0"},null,"NO","missing value",{"v":-8,"d":"-8.0"},""]
[null,null,90,3,"Test chem 1","T1",6,{"v":5e-07,"d":"5.00E-07"},100,380,10,10,"—",500,1.5,{"v":1,"d":"1.0"},null,"NO","missing value",{"v":-8,"d":"-8.0"},""]
[null,null,91,1,"Test chem 1","T1",7,{"v":5e-08,"d":"5.00E-08"},100,380,10,10,"—",500,1.5,{"v":1,"d":"1.0"},null,"NO","missing value",{"v":-9,"d":"-9.0"},""]
[null,null,92,2,"Test chem 1","T1",7,{"v":5e-08,"d":"5.00E-08"},100,380,10,10,"—",500,1.5,{"v":1,"d":"1.0"},null,"NO","missing value",{"v":-9,"d":"-9.0"},""]
[null,null,93,3,"Test chem 1","T1",7,{"v":5e-08,"d":"5.00E-08"},100,380,10,10,"—",500,1.5,{"v":1,"d":"1.0"},null,"NO","missing value",{"v":-9,"d":"-9.0"},""]
[null,null,94,1,"Test chem 1","T1",8,{"v":5e-09,"d":"5.00E-09"},100,380,10,10,"—",500,1.5,{"v":1,"d":"1.0"},null,"NO","missing value",{"v":-10,"d":"-10.0"},""]
[null,null,95,2,"Test chem 1","T1",8,{"v":5e-09,"d":"5.00E-09"},100,380,10,10,"—",500,1.5,{"v":1,"d":"1.0"},null,"NO","missing value",{"v":-10,"d":"-10.0"},""]
[null,null,96,3,"Test chem 1","T1",8,{"v":5e-09,"d":"5.00E-09"},100,380,10,10,"—",{"$f":"SUM(I99:M99)","v":500},1.5,{"v":1,"d":"1.0"},null,"NO","missing value",{"v":-10,"d":"-10.0"},""]
[null,null,97,1,"Test chem 2","T2",1,{"v":0.05,"d":"5.00E-02"},100,380,10,10,"—",{"$f":"SUM(I100:M100)","v":500},1.5,{"v":1,"d":"1.0"},null,"NO","missing value",{"v":-3,"d":"-3.0"},{"$f":"IF(R100<>\"NO\",(O100/P100)*Q100,\"\")","v":""}]
[null,null,98,2,"Test chem 2","T2",1,{"v":0.05,"d":"5.00E-02"},100,380,10,10,"—",{"$f":"SUM(I101:M101)","v":500},1.5,{"v":1,"d":"1.0"},null,"NO","missing value",{"v":-3,"d":"-3.0"},""]
[null,null,99,3,"Test chem 2","T2",1,{"v":0.05,"d":"5.00E-02"},100,380,10,10,"—",{"$f":"SUM(I102:M102)","v":500},1.5,{"v":1,"d":"1.0"},null,"NO","missing value",{"v":-3,"d":"-3.0"},""]
[null,null,100,1,"Test chem 2","T2",2,{"v":0.005,"d":"5.00E-03"},100,380,10,10,"—",500,1.5,{"v":1,"d":"1.0"},null,"NO","missing value",{"v":-4,"d":"-4.0"},""]
[null,null,101,2,"Test chem 2","T2",2,{"v":0.005,"d":"5.00E-03"},100,380,10,10,"—",500,1.5,{"v":1,"d":"1.0"},null,"NO","missing value",{"v":-4,"d":"-4.0"},""]
[null,null,102,3,"Test chem 2","T2",2,{"v":0.005,"d":"5.00E-03"},100,380,10,10,"—",500,1.5,{"v":1,"d":"1.0"},null,"NO","missing value",{"v":-4,"d":"-4.0"},""]
[null,null,103,1,"Test chem 2","T2",3,{"v":0.0005,"d":"5.00E-04"},100,380,10,10,"—",500,1.5,{"v":1,"d":"1.0"},null,"NO","missing value",{"v":-5,"d":"-5.0"},""]
[null,null,104,2,"Test chem 2","T2",3,{"v":0.0005,"d":"5.00E-04"},100,380,10,10,"—",500,1.5,{"v":1,"d":"1.0"},null,"NO","missing value",{"v":-5,"d":"-5.0"},""]
[null,null,105,3,"Test chem 2","T2",3,{"v":0.0005,"d":"5.00E-04"},100,380,10,10,"—",500,1.5,{"v":1,"d":"1.0"},null,"NO","missing value",{"v":-5,"d":"-5.0"},""]
[null,null,106,1,"Test chem 2","T2",4,{"v":5e-05,"d":"5.00E-05"},100,380,10,10,"—",500,1.5,{"v":1,"d":"1.0"},null,"NO","missing value",{"v":-6,"d":"-6.0"},""]
[null,null,107,2,"Test chem 2","T2",4,{"v":5e-05,"d":"5.00E-05"},100,380,10,10,"—",500,1.5,{"v":1,"d":"1.0"},null,"NO","missing value",{"v":-6,"d":"-6.0"},""]
[null,null,108,3,"Test chem 2","T2",4,{"v":5e-05,"d":"5.00E-05"},100,380,10,10,"—",500,1.5,{"v":1,"d":"1.0"},null,"NO","missing value",{"v":-6,"d":"-6.0"},""]
[null,null,109,1,"Test chem 2","T2",5,{"v":5e-06,"d":"5.00E-06"},100,380,10,10,"—",500,1.5,{"v":1,"d":"1.0"},null,"NO","missing value",{"v":-7,"d":"-7.0"},""]
[null,null,110,2,"Test chem 2","T2",5,{"v":5e-06,"d":"5.00E-06"},100,380,10,10,"—",500,1.5,{"v":1,"d":"1.0"},null,"NO","missing value",{"v":-7,"d":"-7.0"},""]
[null,null,111,3,"Test chem 2","T2",5,{"v":5e-06,"d":"5.00E-06"},100,380,10,10,"—",500,1.5,{"v":1,"d":"1.0"},null,"NO","missing value",{"v":-7,"d":"-7.0"},""]
[null,null,112,1,"Test chem 2","T2",6,{"v":5e-07,"d":"5.00E-07"},100,380,10,10,"—",500,1.5,{"v":1,"d":"1.0"},null,"NO","missing value",{"v":-8,"d":"-8.0"},""]
[null,null,113,2,"Test chem 2","T2",6,{"v":5e-07,"d":"5.00E-07"},100,380,10,10,"—",500,1.5,{"v":1,"d":"1.0"},null,"NO","missing value",{"v":-8,"d":"-8.0"},""]
[null,null,114,3,"Test chem 2","T2",6,{"v":5e-07,"d":"5.00E-07"},100,380,10,10,"—",500,1.5,{"v":1,"d":"1.0"},null,"NO","missing value",{"v":-8,"d":"-8.0"},""]
[null,null,115,1,"Test chem 2","T2",7,{"v":5e-08,"d":"5.00E-08"},100,380,10,10,"—",500,1.5,{"v":1,"d":"1.0"},null,"NO","missing value",{"v":-9,"d":"-9.0"},""]
[null,null,116,2,"Test chem 2","T2",7,{"v":5e-08,"d":"5.00E-08"},100,380,10,10,"—",500,1.5,{"v":1,"d":"1.0"},null,"NO","missing value",{"v":-9,"d":"-9.0"},""]
[null,null,117,3,"Test chem 2","T2",7,{"v":5e-08,"d":"5.00E-08"},100,380,10,10,"—",500,1.5,{"v":1,"d":"1.0"},null,"NO","missing value",{"v":-9,"d":"-9.0"},""]
[null,null,118,1,"Test chem 2","T2",8,{"v":5e-09,"d":"5.00E-09"},100,380,10,10,"—",500,1.5,{"v":1,"d":"1.0"},null,"NO","missing value",{"v":-10,"d":"-10.0"},""]
[null,null,119,2,"Test chem 2","T2",8,{"v":5e-09,"d":"5.00E-09"},100,380,10,10,"—",500,1.5,{"v":1,"d":"1.0"},null,"NO","missing value",{"v":-10,"d":"-10.0"},""]
[null,null,120,3,"Test chem 2","T2",8,{"v":5e-09,"d":"5.00E-09"},100,380,10,10,"—",{"$f":"SUM(I123:M123)","v":500},1.5,{"v":1,"d":"1.0"},null,"NO","missing value",{"v":-10,"d":"-10.0"},""]
[null,null,121,1,"Test chem 3","T3",1,{"v":0.05,"d":"5.00E-02"},100,380,10,10,"—",{"$f":"SUM(I124:M124)","v":500},1.5,{"v":1,"d":"1.0"},null,"NO","missing value",{"v":-3,"d":"-3.0"},""]
[null,null,122,2,"Test chem 3","T3",1,{"v":0.05,"d":"5.00E-02"},100,380,10,10,"—",{"$f":"SUM(I125:M125)","v":500},1.5,{"v":1,"d":"1.0"},null,"NO","missing value",{"v":-3,"d":"-3.0"},""]
[null,null,123,3,"Test chem 3","T3",1,{"v":0.05,"d":"5.00E-02"},100,380,10,10,"—",{"$f":"SUM(I126:M126)","v":500},1.5,{"v":1,"d":"1.0"},null,"NO","missing value",{"v":-3,"d":"-3.0"},""]
[null,null,124,1,"Test chem 3","T3",2,{"v":0.005,"d":"5.00E-03"},100,380,10,10,"—",500,1.5,{"v":1,"d":"1.0"},null,"NO","missing value",{"v":-4,"d":"-4.0"},""]
[null,null,125,2,"Test chem 3","T3",2,{"v":0.005,"d":"5.00E-03"},100,380,10,10,"—",500,1.5,{"v":1,"d":"1.0"},null,"NO","missing value",{"v":-4,"d":"-4.0"},""]
[null,null,126,3,"Test chem 3","T3",2,{"v":0.005,"d":"5.00E-03"},100,380,10,10,"—",500,1.5,{"v":1,"d":"1.0"},null,"NO","missing value",{"v":-4,"d":"-4.0"},""]
[null,null,127,1,"Test chem 3","T3",3,{"v":0.0005,"d":"5.00E-04"},100,380,10,10,"—",500,1.5,{"v":1,"d":"1.0"},null,"NO","missing value",{"v":-5,"d":"-5.0"},""]
[null,null,128,2,"Test chem 3","T3",3,{"v":0.0005,"d":"5.00E-04"},100,380,10,10,"—",500,1.5,{"v":1,"d":"1.0"},null,"NO","missing value",{"v":-5,"d":"-5.0"},""]
[null,null,129,3,"Test chem 3","T3",3,{"v":0.0005,"d":"5.00E-04"},100,380,10,10,"—",500,1.5,{"v":1,"d":"1.0"},null,"NO","missing value",{"v":-5,"d":"-5.0"},{"$f":"IF(R132<>\"NO\",(O132/P132)*Q132,\"\")","v":""}]
[null,null,130,1,"Test chem 3","T3",4,{"v":5e-05,"d":"5.00E-05"},100,380,10,10,"—",500,1.5,{"v":1,"d":"1.0"},null,{"$f":"IF(S133<>\"\",\"NO\",\"yes\")","v":"NO"},{"$f":"IF(ISNUMBER(Q133)=FALSE,\"missing value\",\"\")","v":"missing value"},{"v":-6,"d":"-6.0"},""]
[null,null,131,2,"Test chem 3","T3",4,{"v":5e-05,"d":"5.00E-05"},100,380,10,10,"—",500,1.5,{"v":1,"d":"1.0"},null,"NO","missing value",{"v":-6,"d":"-6.0"},""]
[null,null,132,3,"Test chem 3","T3",4,{"v":5e-05,"d":"5.00E-05"},100,380,10,10,"—",500,1.5,{"v":1,"d":"1.0"},null,"NO","missing value",{"v":-6,"d":"-6.0"},""]
[null,null,133,1,"Test chem 3","T3",5,{"v":5e-06,"d":"5.00E-06"},100,380,10,10,"—",500,1.5,{"v":1,"d":"1.0"},null,"NO","missing value",{"$f":"LOG(L136*H136/N136)","v":{"v":-7,"d":"-7.0"}},""]
[null,null,134,2,"Test chem 3","T3",5,{"v":5e-06,"d":"5.00E-06"},100,380,10,10,"—",500,1.5,{"v":1,"d":"1.0"},null,"NO","missing value",{"v":-7,"d":"-7.0"},""]
[null,null,135,3,"Test chem 3","T3",5,{"v":5e-06,"d":"5.00E-06"},100,380,10,10,"—",500,1.5,{"v":1,"d":"1.0"},null,"NO","missing value",{"v":-7,"d":"-7.0"},""]
[null,null,136,1,"Test chem 3","T3",6,{"v":5e-07,"d":"5.00E-07"},100,380,10,10,"—",500,1.5,{"v":1,"d":"1.0"},null,"NO","missing value",{"v":-8,"d":"-8.0"},""]
[null,null,137,2,"Test chem 3","T3",6,{"v":5e-07,"d":"5.00E-07"},100,380,10,10,"—",500,1.5,{"v":1,"d":"1.0"},null,"NO","missing value",{"v":-8,"d":"-8.0"},""]
[null,null,138,3,"Test chem 3","T3",6,{"v":5e-07,"d":"5.00E-07"},100,380,10,10,"—",500,1.5,{"v":1,"d":"1.0"},null,"NO","missing value",{"v":-8,"d":"-8.0"},""]
[null,null,139,1,"Test chem 3","T3",7,{"v":5e-08,"d":"5.00E-08"},100,380,10,10,"—",500,1.5,{"v":1,"d":"1.0"},null,"NO","missing value",{"v":-9,"d":"-9.0"},""]
[null,null,140,2,"Test chem 3","T3",7,{"v":5e-08,"d":"5.00E-08"},100,380,10,10,"—",500,1.5,{"v":1,"d":"1.0"},null,"NO","missing value",{"v":-9,"d":"-9.0"},""]
[null,null,141,3,"Test chem 3","T3",7,{"v":5e-08,"d":"5.00E-08"},100,380,10,10,"—",500,1.5,{"v":1,"d":"1.0"},null,"NO","missing value",{"v":-9,"d":"-9.0"},""]
[null,null,142,1,"Test chem 3","T3",8,{"v":5e-09,"d":"5.00E-09"},100,380,10,10,"—",500,1.5,{"v":1,"d":"1.0"},null,"NO","missing value",{"v":-10,"d":"-10.0"},""]
[null,null,143,2,"Test chem 3","T3",8,{"v":5e-09,"d":"5.00E-09"},100,380,10,10,"—",500,1.5,{"v":1,"d":"1.0"},null,"NO","missing value",{"v":-10,"d":"-10.0"},""]
[null,null,144,3,"Test chem 3","T3",8,{"v":5e-09,"d":"5.00E-09"},100,380,10,10,"—",{"$f":"SUM(I147:M147)","v":500},1.5,{"v":1,"d":"1.0"},null,"NO","missing value",{"v":-10,"d":"-10.0"},""]
[null,null,193,1,"cold E2 (high)","NSB",1,{"v":5e-06,"d":"5.00E-06"},100,380,10,10,"—",500,1.5,{"v":1,"d":"1.0"},null,"NO","missing value",{"v":-7,"d":"-7.0"},""]
[null,null,194,2,"cold E2 (high)","NSB",1,{"v":5e-06,"d":"5.00E-06"},100,380,10,10,"—",500,1.5,{"v":1,"d":"1.0"},null,"NO","missing value",{"v":-7,"d":"-7.0"},""]
[null,null,195,3,"cold E2 (high)","NSB",1,{"v":5e-06,"d":"5.00E-06"},100,380,10,10,"—",500,1.5,{"v":1,"d":"1.0"},null,"NO","missing value",{"v":-7,"d":"-7.0"},""]
[null,null,196,1,"solvent control/total binding*","TB",0,"—",100,380,10,10,"—",500,1.5,{"v":1,"d":"1.0"},null,"NO","missing value","—",""]
[null,null,197,2,"solvent control/total binding*","TB",0,"—",100,380,10,10,"—",500,1.5,{"v":1,"d":"1.0"},null,"NO","missing value","—",""]
[null,null,198,3,"solvent control/total binding*","TB",0,"—",100,380,10,10,"—",500,1.5,{"v":1,"d":"1.0"},null,"NO","missing value","—",""]
[null,null,199,1,"Octyltriethoxysilane","N",4,{"v":5e-05,"d":"5.00E-05"},100,380,10,10,"—",500,1.5,{"v":1,"d":"1.0"},null,"NO","missing value",{"$f":"LOG(L154*H154/N154)","v":{"v":-6,"d":"-6.0"}},""]
[null,null,200,2,"Octyltriethoxysilane","N",4,{"v":5e-05,"d":"5.00E-05"},100,380,10,10,"—",500,1.5,{"v":1,"d":"1.0"},null,"NO","missing value",{"v":-6,"d":"-6.0"},""]
[null,null,201,3,"Octyltriethoxysilane","N",4,{"v":5e-05,"d":"5.00E-05"},100,380,10,10,"—",500,1.5,{"v":1,"d":"1.0"},null,"NO","missing value",{"v":-6,"d":"-6.0"},""]
[null,null,202,1,"Total hot added","Hot",null,"—","—","—",10,"—","—","—","—",0.01,null,"NO","missing value","—",{"$f":"IF(R157<>\"NO\",Q157,\"\")","v":""}]
[null,null,203,2,"Total hot added","Hot",null,"—","—","—",10,"—","—","—","—",0.01,null,"NO","missing value","—",{"$f":"IF(R158<>\"NO\",Q158,\"\")","v":""}]
[null,null,204,3,"Total hot added","Hot",null,"—","—","—",10,"—","—","—","—",0.01,null,"NO","missing value","—",""]
[null,null,205,1,"Total hot added","Hot",null,"—","—","—",10,"—","—","—","—",0.01,null,"NO","missing value","—",""]
[null,null,206,2,"Total hot added","Hot",null,"—","—","—",10,"—","—","—","—",0.01,null,"NO","missing value","—",""]
[null,null,207,3,"Total hot added","Hot",null,"—","—","—",10,"—",null,"—","—",0.01,null,"NO","missing value","—",""]